Die Naturrechtslehre des Christian Thomasius und ihre Fortbildung in der Thomasius-Schule.

Guardat en:
Dades bibliogràfiques
Autor principal: Rüping, Henrich (autor)
Format: Llibre
Publicat: Bonn, Deutschland: Ludwig Röhrscheid, 1968.
Col·lecció:Bonner rechtswissenschaftliche Abhandlungen,
Matèries:
Etiquetes: Afegir etiqueta
Sense etiquetes, Sigues el primer a etiquetar aquest registre!

MARC

LEADER 00000nam a22000007a 4500
003 CL-VaPUC
005 20220822114812.0
008 220804t1968 ||||| |||| 00| 0 eng d
999 |c 437952  |d 437950 
040 |c Pontificia Universidad Católica de Valparaíso 
082 |a 171.2 RUP 1968 
100 1 |a Rüping, Henrich  |e autor  |9 874793 
245 |a Die Naturrechtslehre des Christian Thomasius und ihre Fortbildung in der Thomasius-Schule. 
260 |a Bonn, Deutschland:   |b Ludwig Röhrscheid,   |c 1968. 
300 |a 191 páginas.  
490 |a Bonner rechtswissenschaftliche Abhandlungen,   |n  81. 
500 |a c.1 Donación Familia Prof. Alejandro Guzmán Brito. 
583 |c 20220804  |k Cristina María Rojas Aguilar 
600 0 |a Thomasius, Christian   |9 394426  |d 1655-1728 
650 |a Ley natural   |x Historia   |9 869922 
942 |2 ddc  |c BK  |n 0 
952 |0 0  |1 0  |2 ddc  |4 0  |6 171_200000000000000_RUP_1968  |7 0  |8 C_AGB  |9 585811  |a BIBDER  |b BIBDER  |d 2022-08-04  |e Donación   |i 5653782  |o 171.2 RUP 1968  |p 5653782  |r 2023-01-25  |t 1  |w 2022-08-04  |y BK_US  |k AGB